[Event "IBCA Wch blind 14th"]
[Site "Cagliari"]
[Date "2019.04.13"]
[Round "8"]
[White "Christensen, Dan"]
[Black "Morariu, Ionel"]
[Result "0-1"]
[WhiteElo "1573"]
[BlackElo "1862"]
[PlyCount "44"]
[EventDate "2019.04.06"]
[EventType "swiss"]
[EventRounds "9"]
[EventCountry "ITA"]
[SourceTitle "CBM 189 Extra"]
[Source "ChessBase"]
[SourceDate "2019.06.03"]
[SourceVersion "1"]
[SourceVersionDate "2019.06.03"]
[SourceQuality "1"]

1. d4 Nf6 2. Nf3 e6 3. c4 b6 4. Nc3 Bb7 5. e3 Be7 6. Bd3 d5 7. b3 0-0 8. Bb2 Nbd7 9. Qc2 c5 10. Ne2 Rc8 11. Nf4 Bd6 12. Ne5 cxd4 13. Nxd7 Qxd7 14. Qd2 dxc4 15. Bxc4 e5 16. Ne2 dxe3 17. Qxe3 b5 18. Bd3 Bb4+ 19. Kf1 Ng4 20. Qg3 Rfd8 21. Rd1 e4 22. Bb1 Qxd1# 0-1

[Event "IBCA Wch blind 14th"]
[Site "Cagliari"]
[Date "2019.04.11"]
[Round "6"]
[White "Christensen, Dan"]
[Black "L`Herbon De Lussats, Jean"]
[Result "1-0"]
[WhiteElo "1573"]
[BlackElo "1312"]
[PlyCount "103"]
[EventDate "2019.04.06"]
[EventType "swiss"]
[EventRounds "9"]
[EventCountry "ITA"]
[SourceTitle "CBM 189 Extra"]
[Source "ChessBase"]
[SourceDate "2019.06.03"]
[SourceVersion "1"]
[SourceVersionDate "2019.06.03"]
[SourceQuality "1"]

1. d4 Nf6 2. Nf3 g6 3. e3 Bg7 4. Bd3 0-0 5. Nbd2 a6 6. e4 d6 7. c3 Nbd7 8. Nc4 b5 9. Ne3 c6 10. a3 d5 11. e5 Ne4 12. Qc2 Nb6 13. Bxe4 dxe4 14. Qxe4 Nd5 15. Ng4 f5 16. exf6 Nxf6 17. Nxf6+ Rxf6 18. Be3 Bf5 19. Qh4 Qf8 20. Ng5 h6 21. Nf3 g5 22. Qg3 Rd6 23. 0-0 Re8 24. Ne5 Bf6 25. h4 Qg7 26. hxg5 hxg5 27. Nf3 g4 28. Nh2 Kf7 29. Qf4 Bd7 30. Qh6 e5 31. dxe5 Bxe5 32. Qh5+ Rg6 33. Bd4 Kf8 34. Bxe5 Rxe5 35. Qh4 Rh6 36. Qd8+ Re8 37. Qc7 Qh7 38. Rfe1 Qf7 39. Re5 Rxh2 40. Rxe8+ Qxe8 41. Qxh2 Qe2 42. Qd6+ Ke8 43. Rd1 Be6 44. Qxc6+ Kf7 45. Qd6 Kf6 46. Qd2 Qe4 47. Re1 Qc6 48. Qd4+ Kf7 49. Re4 Qc8 50. Qd6 Kf6 51. Rxg4 Kf5 52. Qf4# 1-0

[Event "DEN-ch Kort2 B"]
[Site "Skorping"]
[Date "2017.04.13"]
[Round "1"]
[White "Christensen, Dan"]
[Black "Jorgensen, Orla Eilegaard"]
[Result "0-1"]
[WhiteElo "1551"]
[BlackElo "1731"]
[PlyCount "91"]
[EventDate "2017.04.13"]
[EventType "swiss"]
[EventRounds "5"]
[EventCountry "DEN"]
[SourceTitle "EXT 2023"]
[Source "ChessBase"]
[SourceDate "2022.10.05"]
[SourceVersion "1"]
[SourceVersionDate "2022.10.05"]
[SourceQuality "1"]

1. d4 Nf6 2. f4 e6 3. Nf3 d5 4. e3 c5 5. c4 Nc6 6. Nc3 cxd4 7. Nxd4 Bb4 8. a3 Bxc3+ 9. bxc3 Ne4 10. Qg4 Nxd4 11. exd4 Qa5 12. Qf3 0-0 13. Bb2 Bd7 14. c5 Bb5 15. Bd3 Nxc3 16. Bxh7+ Kxh7 17. Qxc3 Qd8 18. Kf2 Rc8 19. Rac1 b6 20. Rhe1 Qh4+ 21. Qg3 Qf6 22. Re5 g6 23. Ba1 Rg8 24. Qf3 Bc4 25. cxb6 axb6 26. Bc3 Bd3 27. g3 Be4 28. Qe2 Rc4 29. Rxe4 Rxc3 30. Rxc3 dxe4 31. Qxe4 Rd8 32. Ke3 Rd5 33. Rb3 Qd8 34. Qd3 Kg7 35. Rb5 Rd6 36. Qc4 Kg8 37. Ke4 Qa8+ 38. Ke5 Qxa3 39. Rb4 Rd5+ 40. Kf6 Rf5+ 41. Ke7 Qa7+ 42. Ke8 Qb8+ 43. Kd7 Rd5+ 44. Kc6 Qd8 45. Kb7 Rd7+ 46. Kc6 0-1

[Event "DEN-ch Kort 2 B"]
[Site "Skorping"]
[Date "2014.04.18"]
[Round "3"]
[White "Madsen, Per"]
[Black "Christensen, Dan"]
[Result "1-0"]
[WhiteElo "1698"]
[BlackElo "1230"]
[PlyCount "95"]
[EventDate "2014.04.17"]
[EventType "swiss"]
[EventRounds "5"]
[EventCountry "DEN"]
[SourceTitle "EXT 2023"]
[Source "ChessBase"]
[SourceDate "2022.10.05"]
[SourceVersion "1"]
[SourceVersionDate "2022.10.05"]
[SourceQuality "1"]

1. c4 c5 2. g3 e5 3. Bg2 Nf6 4. Nc3 d6 5. d3 Be7 6. e3 Nbd7 7. Nge2 a6 8. a3 Ra7 9. 0-0 b6 10. b4 Bb7 11. e4 Qc8 12. f4 Ba8 13. Be3 0-0 14. Bh3 Qd8 15. Rb1 Ne8 16. Nd5 Bxd5 17. exd5 Bf6 18. Qd2 g6 19. Nc3 Bg7 20. Ne4 Bh6 21. Rf2 f5 22. Ng5 Bxg5 23. fxg5 Ng7 24. Rbf1 Qe8 25. Re1 Nb8 26. g4 Raf7 27. gxf5 Nxf5 28. Bxf5 Rxf5 29. Rxf5 Rxf5 30. d4 Nd7 31. dxc5 bxc5 32. bxc5 Nxc5 33. Bxc5 dxc5 34. d6 Qd7 35. Qd5+ Kf8 36. Rxe5 Rxe5 37. Qxe5 Qg4+ 38. Kf2 Qf5+ 39. Qxf5+ gxf5 40. Kf3 Kf7 41. Kf4 Ke6 42. d7 Kxd7 43. Kxf5 Ke7 44. h4 Kf7 45. h5 a5 46. a4 Kg7 47. Ke5 Kf7 48. Kd5 1-0

[Event "DEN-ch Kort 2 B"]
[Site "Skorping"]
[Date "2014.04.17"]
[Round "1"]
[White "Christensen, Dan"]
[Black "Olsen, Martin"]
[Result "0-1"]
[WhiteElo "1230"]
[BlackElo "1571"]
[PlyCount "80"]
[EventDate "2014.04.17"]
[EventType "swiss"]
[EventRounds "5"]
[EventCountry "DEN"]
[SourceTitle "EXT 2023"]
[Source "ChessBase"]
[SourceDate "2022.10.05"]
[SourceVersion "1"]
[SourceVersionDate "2022.10.05"]
[SourceQuality "1"]

1. d4 Nf6 2. g3 e6 3. Bg2 d5 4. Nc3 c5 5. e3 Nc6 6. Nf3 cxd4 7. exd4 Bb4 8. Qd3 Qa5 9. 0-0 b6 10. Ne2 Ba6 11. Qd1 Qb5 12. Nf4 Ne7 13. c3 Bd6 14. Re1 0-0 15. Bf1 Qc6 16. Bxa6 b5 17. Bxb5 Qxb5 18. Nd3 Ne4 19. Qc2 h6 20. Bf4 Ng6 21. Bxd6 Nxd6 22. Nc5 Rab8 23. Rab1 Nc4 24. Nd3 Rb6 25. Nd2 Nd6 26. f3 Qe8 27. Re2 Qc8 28. Nb3 Nc4 29. Nbc5 f6 30. Qa4 Rf7 31. Qd1 e5 32. Qe1 Re7 33. Nb3 Qa6 34. Nb4 Qb7 35. Nc5 Qa8 36. Nb3 e4 37. fxe4 dxe4 38. Nc5 e3 39. b3 Nd2 40. Rb2 Nf3+ 0-1